[Event "FRA-ch U20 Girls"]
[Site "Montbeliard"]
[Date "2014.04.24"]
[Round "6"]
[White "Afraoui, Solenn"]
[Black "Haddad, Samia"]
[Result "1-0"]
[WhiteElo "2012"]
[BlackElo "1637"]
[PlyCount "43"]
[EventDate "2014.04.20"]
[EventType "swiss"]
[EventRounds "9"]
[EventCountry "FRA"]
[SourceTitle "CBM 160 Extra"]
[Source "ChessBase"]
[SourceDate "2014.07.01"]
[SourceVersion "1"]
[SourceVersionDate "2014.07.01"]
[SourceQuality "1"]

1. e4 e6 2. d4 d5 3. Nc3 Bb4 4. exd5 exd5 5. Bd3 Be6 6. a3 Be7 7. Nf3 a6 8. 0-0 g5 9. Ne5 h5 10. f4 g4 11. f5 Bc8 12. Qe2 c6 13. f6 Nxf6 14. Rxf6 Be6 15. Rf1 Qb6 16. Qf2 Kd8 17. Bd2 h4 18. Na4 Qc7 19. Nxf7+ Bxf7 20. Qxf7 Nd7 21. Rae1 Bd6 22. Bg5+ 1-0